000 01649nam a2200193Ia 4500
008 220216s9999 xx 000 0 und d
100 _aPenot E
245 0 _aTaking the jungle out of rubber : improving rubber in Indonesian agroforestry system
260 _bAgroforestry Today
_c1995
300 _a13-Nov
500 _aSource Year: 1996
520 _aJungle rubber agroforestry is a low-input system in which rubber (Hevea brasiliensis) competes with natural forest regrowth. An area of forest is cleared by slashing and burning, and rice planted for the first year or two. After that rubber (unimproved jungle rubber) is planted with a variety of other useful (multipurpose) trees and rattans. The diverse forest-like environment means that the system is suitable. Further management options are conversion to a pure rubber plantations, or management as a fruit and timber agroforest. On-farm participatory experimentation with 3 kinds of rubber agroforestry system is being tested: (1) the traditional system but with improved adapted rubber clones; (2) a complex system in which rubber and timber/fruit trees are established after slashing and burning at respective densities of 550 and 250 trees/ha- a very intensive system, with annual crops being intercropped for the first 3-4 yr; and (3) as (2) but established on degraded Imperata cylindrica (alang-alang) land, and with cover crops or multipurpose trees instead of annual crops because of the competition from the alang-alang grass.
650 _aAgroforestry
650 _aHevea brasiliensis
650 _aIndonesia
650 _aJungle rubber
856 _uHOA
942 _cJS
999 _c70202
_d70202